La primera fase del imperialismo
שמור ב:
| Main Authors: | , |
|---|---|
| פורמט: | ספר |
| שפה: | ספרדית |
| יצא לאור: |
Ciudad de México
Grijalbo
1969
|
| סדרה: | Colección 70, 55
|
| נושאים: | |
| תגים: |
הוספת תג
אין תגיות, היה/י הראשונ/ה לתייג את הרשומה!
|
MARC
| LEADER | 00000nam a2200000 a 4500 | ||
|---|---|---|---|
| 001 | UCM8154 | ||
| 003 | CL-VaPUC | ||
| 008 | 030124e19690000MX |||||||||||||||||spa|d | ||
| 082 | 0 | 4 | |a 330.122 |b AVD |2 21 |
| 100 | 0 | |a Avdakov, Y. F |e author |9 474085 | |
| 700 | 0 | |a Polansky, F. Y |e author |9 474086 | |
| 245 | 1 | 3 | |a La primera fase del imperialismo |
| 300 | |a 156 p | ||
| 942 | |c BK | ||
| 945 | |d 20030124 00:00:00 |a cmena | ||
| 260 | |a Ciudad de México |b Grijalbo |c 1969 | ||
| 650 | 0 | |a Capitalismo |9 255255 | |
| 650 | 0 | |a Poder político |9 255509 | |
| 650 | 0 | |a Imperialismo |9 258264 | |
| 650 | 0 | |a Ideologías políticas |9 255735 | |
| 650 | 7 | |a PODER ECONOMICO |2 CL-VaPUC |9 338221 | |
| 650 | 0 | |a Desarrollo económico |9 259599 | |
| 583 | |a last modification |c 20030124 00:00:00 |k Rodrigo Vera | ||
| 490 | 0 | |a Colección 70, 55 | |
| 999 | |c 302733 |d 302731 | ||
| 952 | |0 0 |1 0 |4 0 |6 330_122000000000000_AVD_1969 |7 0 |8 A |9 363458 |a BIBHIS |b BIBHIS |d 2019-11-21 |i 3878953 |l 1 |o 330.122 AVD 1969 |p 3878953 |r 2025-01-20 |s 2023-09-05 |w 2019-11-21 |y BK |k HIS | ||